Zelená řešení v automobilovém průmyslu jako součast společenské odpovědnosti firem

Spoločenská zodpovednosť firiem. Prístupy k firemnýcm stratégiám. Zeleé riešenia v automobilovom priemysle. Prípadová štúdia Toyota.

Saved in:
Bibliographic Details
Main Author: Dolejší, Martin
Other Authors: Jaderná, Eva, Přikrylová, Jana
Format: Book Chapter
Language:Czech
Subjects:
Tags: Add Tag
No Tags, Be the first to tag this record!

MARC

LEADER 00000naa a2200000 4500
001 0221895
005 20230221123445.7
041 0 |a cze 
044 |a SK 
245 1 0 |a Zelená řešení v automobilovém průmyslu jako součast společenské odpovědnosti firem  |c Martin Dolejší, Eva Jaderná, Jana Přikrylová 
520 |a Spoločenská zodpovednosť firiem. Prístupy k firemnýcm stratégiám. Zeleé riešenia v automobilovom priemysle. Prípadová štúdia Toyota. 
610 2 0 |a priemysel automobilový 
610 2 0 |a zodpovednosť spoločenská 
610 2 0 |a podnikanie zodpovedné 
610 2 0 |a marketing environmentálny 
100 1 |a Dolejší, Martin 
700 1 |a Jaderná, Eva 
700 1 |a Přikrylová, Jana